000 00584nam a22002057a 4500
005 20251108170134.0
008 250721s2000 xx 000 0 ara d
082 1 4 _a327.44056/بو
100 1 _aبو، نيكولاس
245 1 0 _aباريس عاصمة عربية /
264 1 _aالقاهرة :
_c2000.
300 _a264ص
650 1 7 _aالعلاقات الدولية
650 1 7 _aتاريخ فرنسا
650 1 7 _aتاريخ العرب
650 1 7 _aالسياسة الدولية
700 1 _aحيدر، حسين
_eترجمة
942 _2ddc
_cBK
999 _c40664
_d40664